Trabzon'u geleceğe taşıyan son on yıl 1998-2008 / (Record no. 160482)
[ view plain ]
| 000 -LEADER | |
|---|---|
| fixed length control field | 00920 a2200277 4500 |
| 001 - CONTROL NUMBER | |
| control field | 160482 |
| 003 - CONTROL NUMBER IDENTIFIER | |
| control field | TR-AnTOB |
| 005 - DATE AND TIME OF LATEST TRANSACTION | |
| control field | 20230908163918.0 |
| 008 - FIXED-LENGTH DATA ELEMENTS--GENERAL INFORMATION | |
| fixed length control field | 140317s2009 tu 000 0 |
| 040 ## - CATALOGING SOURCE | |
| Original cataloging agency | TR-AnTOB |
| 041 ## - LANGUAGE CODE | |
| Language code of text/sound track or separate title | Türkçe |
| 050 #4 - LIBRARY OF CONGRESS CALL NUMBER | |
| Classification number | HC492 |
| Item number | .T8 2009 |
| 090 ## - LOCALLY ASSIGNED LC-TYPE CALL NUMBER (OCLC); LOCAL CALL NUMBER (RLIN) | |
| Classification number (OCLC) (R) ; Classification number, CALL (RLIN) (NR) | HC492 .T8 2009 |
| 245 10 - TITLE STATEMENT | |
| Title | Trabzon'u geleceğe taşıyan son on yıl 1998-2008 / |
| Statement of responsibility, etc. | Trabzon Ticaret ve Sanayi Odası. |
| 264 #1 - PRODUCTION, PUBLICATION, DISTRIBUTION, MANUFACTURE, AND COPYRIGHT NOTICE | |
| Place of production, publication, distribution, manufacture | Trabzon: |
| Name of producer, publisher, distributor, manufacturer | Trabzon Ticaret ve Sanayi Odası, |
| Date of production, publication, distribution, manufacture, or copyright notice | 2009. |
| 300 ## - PHYSICAL DESCRIPTION | |
| Extent | 227 p. : |
| Other physical details | col. ill.; |
| Dimensions | 30 cm |
| 500 ## - GENERAL NOTE | |
| General note | 20. Yüzyıldan 21. Yüzyıla Uzanan Köprü (1998-2008) TTSO' nun 10 Yıllık Yolculuğu. |
| 504 ## - BIBLIOGRAPHY, ETC. NOTE | |
| Bibliography, etc. note | |
| 610 20 - SUBJECT ADDED ENTRY--CORPORATE NAME | |
| Corporate name or jurisdiction name as entry element | Trabzon Ticaret ve Sanayi Odası |
| 9 (RLIN) | 67134 |
| 651 #4 - SUBJECT ADDED ENTRY--GEOGRAPHIC NAME | |
| Geographic name | Trabzon (Turkey) |
| General subdivision | Economic conditions |
| 9 (RLIN) | 67135 |
| Geographic name | Trabzon (Türkiye) |
| General subdivision | Ekonomik durum |
| 9 (RLIN) | 67136 |
| 902 ## - LOCAL DATA ELEMENT B, LDB (RLIN) | |
| a | T001232 |
| 903 ## - LOCAL DATA ELEMENT C, LDC (RLIN) | |
| a | TOBB Özel Koleksiyonu |
| 945 ## - LOCAL PROCESSING INFORMATION (OCLC) | |
| a | ?, SA |
| 942 ## - ADDED ENTRY ELEMENTS (KOHA) | |
| Koha item type | Book |
| Withdrawn status | Lost status | Source of classification or shelving scheme | Materials specified (bound volume or other part) | Not for loan | Collection code | Home library | Current library | Shelving location | Date acquired | Source of acquisition | Cost, normal purchase price | Serial Enumeration / chronology | Inventory number | Total Checkouts | Total Holds | Full call number | Barcode | Copy number | Date shelved | Koha item type |
|---|---|---|---|---|---|---|---|---|---|---|---|---|---|---|---|---|---|---|---|---|
| c.1 | Ödünç Verilebilir / Available | TOBB Kütüphanesi Bağış Koleksiyonu - Klasik | Merkez Kütüphane | Merkez Kütüphane | TOBB Bağışı Koleksiyonu / TOBB Gift Collection | 19/12/2009 | Bağış / Donation | 0.01 | 1 | İKT | HC492 .T8 2009 | T001232 | 1 | 21/04/2010 | Book |
